Normal view MARC view

Entry Personal Name

Number of records used in: 1

001 - CONTROL NUMBER

  • control field: 9516

003 - CONTROL NUMBER IDENTIFIER

  • control field: DLC

005 - DATE AND TIME OF LATEST TRANSACTION

  • control field: 20230919120528.0

008 - FIXED-LENGTH DATA ELEMENTS

  • fixed length control field: 920305n| acannaabn |b aaa

010 ## - LIBRARY OF CONGRESS CONTROL NUMBER

  • LC control number: n 92024187

035 ## - SYSTEM CONTROL NUMBER

  • System control number: (OCoLC)oca03124122

040 ## - CATALOGING SOURCE

  • Original cataloging agency: DLC
  • Language of cataloging: eng
  • Transcribing agency: DLC
  • Modifying agency: DLC
  • Modifying agency: OCoLC

100 1# - HEADING--PERSONAL NAME

  • Personal name: Masalha, Nur,
  • Dates associated with a name: 1957-

400 1# - SEE FROM TRACING--PERSONAL NAME

  • Personal name: Maṣāliḥah, Nūr al-Dīn,
  • Dates associated with a name: 1957-

400 1# - SEE FROM TRACING--PERSONAL NAME

  • Personal name: Masalha, Nur-eldeen,
  • Dates associated with a name: 1957-

400 1# - SEE FROM TRACING--PERSONAL NAME

  • Personal name: Maṣālḥah, Nūr al-Dīn,
  • Dates associated with a name: 1957-

400 1# - SEE FROM TRACING--PERSONAL NAME

  • Personal name: مصالحا، نور

400 1# - SEE FROM TRACING--PERSONAL NAME

  • Personal name: مصالحة، نور،
  • Dates associated with a name: 1957-

400 1# - SEE FROM TRACING--PERSONAL NAME

  • Personal name: مصالحه، نور

400 1# - SEE FROM TRACING--PERSONAL NAME

  • Personal name: مصالحه، نور الدين

670 ## - SOURCE DATA FOUND

  • Source citation: His Expulsion of the Palestinians, c1992:
  • Information found: CIP t.p. (Nur Masalha) data sheet, etc. (b. 01/57; Dr. Nur Masalha; grad. of Hebrew Univ. and School of Oriental and African Studies, Univ. of London)

670 ## - SOURCE DATA FOUND

  • Source citation: His Ṭard al-Filasṭīnīyīn, 1992:
  • Information found: t.p. (Nūr al-Dīn Maṣāliḥah [voc.]) p. facing t.p. (Nur-eldeen Masalha [in roman.])

670 ## - SOURCE DATA FOUND

  • Source citation: Arḍ akthar wa-ʻArab aqall, 1997:
  • Information found: t.p. (Nūr al-Dīn Maṣāliḥah) p. facing t.p. (Nūr al-Dīn Maṣālḥah [in rom.])

Powered by Koha